| 000 | 00800cam a22002291a 4500 | ||
|---|---|---|---|
| 001 | ca 24000902 | ||
| 003 | DLC | ||
| 005 | 20260227111113.0 | ||
| 008 | 840709s1924 ksu 000 0 eng | ||
| 010 | _aca 24000902 | ||
| 035 | _a(OCoLC)10927431 | ||
| 040 |
_aDLC _cKPT _dDLC |
||
| 042 | _apremarc | ||
| 050 | 0 | 0 |
_aPS3515.A253 _bW5 1924 |
| 100 | 1 |
_aHaldeman-Julius, Marcet, _d1887-1941. |
|
| 245 | 1 | 0 |
_aWhat the editor's wife is thinking about / _cMarcet Haldeman-Julius. |
| 260 |
_aGirard, Kan. : _bHaldeman-Julius Co., _cc1924. |
||
| 300 |
_a64 p. ; _c13 cm. |
||
| 440 | 0 |
_aLittle blue book ; _vno. 809 |
|
| 500 | _aPublished 9 September 1931; copies deposited at Library of Congress 17 September 1924; copyright renewed 19 June 1952. | ||
| 600 | 2 | 0 |
_aHaldeman-Julius, E. _q (Emanuel), _d1889-1951. |
| 999 |
_c15902 _d15902 |
||